|
|
|
|
| LEADER |
01410nam a2200301 a 4500 |
| 001 |
11461 |
| 003 |
BD-DhAAL |
| 008 |
090526r20011992nyua b 001 0 eng d |
| 999 |
|
|
|c 8529
|d 8529
|
| 010 |
|
|
|a 88021914
|
| 020 |
|
|
|a 8120310187
|
| 040 |
|
|
|a DLC
|c DLC
|d DLC
|d BD-DhAAL
|
| 082 |
0 |
0 |
|a 621.36
|2 19
|
| 100 |
1 |
|
|a Wilson, J.
|q (John),
|d 1939-
|9 40398
|
| 245 |
1 |
0 |
|a Optoelectronics, an introduction /
|c J. Wilson, J.F.B. Hawkes.
|
| 250 |
|
|
|a Second edition
|
| 260 |
|
|
|a New York
|a New Delhi :
|b Prentice-Hall,
|c 1992 [Reprinted 2001]
|
| 300 |
|
|
|a xiv, 470 pages :
|b illustrations ;
|c 25 cm.
|
| 490 |
1 |
|
|a Prentice-Hall international series in optoelectronics
|
| 504 |
|
|
|a Includes bibliographical refernces and index.
|
| 541 |
1 |
|
|e 00011462
|
| 650 |
|
0 |
|a Optoelectronics.
|9 40399
|
| 700 |
1 |
|
|a Hawkes, J. F. B.,
|d 1942-
|9 40400
|
| 852 |
4 |
|
|a Ayesha Abed Library
|j General Stacks
|
| 942 |
|
|
|2 ddc
|c BK
|
| 952 |
|
|
|0 0
|1 0
|2 ddc
|4 0
|6 621_380414000000000_WIL
|7 0
|9 10084
|a BRACUL
|b BRACUL
|c GEN
|d 2010-05-12
|l 0
|o 621.380414 WIL
|p 3010011462
|r 2010-05-12
|t 2
|w 2010-05-12
|y BK
|
| 952 |
|
|
|0 0
|1 0
|2 ddc
|4 0
|6 621_380414000000000_WIL
|7 0
|9 12648
|a BRACUL
|b BRACUL
|c GEN
|d 2010-10-21
|l 3
|m 15
|o 621.380414 WIL
|p 3010011461
|r 2018-04-22
|s 2018-01-18
|t 1
|w 2010-10-21
|y BK
|
| 952 |
|
|
|0 0
|1 0
|2 ddc
|4 0
|6 621_380414000000000_WIL
|7 0
|9 12649
|a BRACUL
|b BRACUL
|c GEN
|d 2010-10-21
|l 4
|m 57
|o 621.380414 WIL
|p 3010011727
|r 2019-10-14
|s 2019-01-15
|t 3
|w 2010-10-21
|y BK
|x Price not found
|